| 000 | 00000nam 2200000za 4500 |
| 001 | 9.858419 |
| 003 | CaOODSP |
| 005 | 20240206103208 |
| 007 | cr ||||||||||| |
| 008 | 180703s2018 onca o f000 0 fre d |
| 020 | |a9780660270814 |
| 040 | |aCaOODSP|bfre |
| 043 | |an-cn--- |
| 086 | 1 |aH129-88/2018F-PDF |
| 245 | 00|aPollution de l'air |h[ressource électronique] : |bqu'est-ce que les gaz d'échappement des moteurs diesel et à essence? |
| 260 | |a[Ottawa] : |bSanté Canada, |cc2018. |
| 300 | |a[1] p. : |bill. en coul. |
| 500 | |aPubl. aussi en anglais sous le titre : Air pollution: what are diesel and gasoline exhaust? |
| 693 | 4|aPollution atmosphérique |
| 693 | 4|aMoteurs à combustion interne--Gaz d'échappement |
| 693 | 4|aImpact sur la santé |
| 710 | 1 |aCanada. |bSanté Canada. |
| 775 | 08|tAir pollution |w(CaOODSP)9.858415 |
| 776 | 0#|tPollution de l'air : |w(CaOODSP)9.933522 |
| 856 | 40|qPDF|s1.23 Mo|uhttps://publications.gc.ca/collections/collection_2018/sc-hc/H129-88-2018-fra.pdf |
| 986 | |a180160 |